Asian Cities with the Most Tourists (with a map) - Statistics

General Stats
  • This quiz has been taken 2,092 times
  • The average score is 14 of 20
Answers on the Map
Answers color-coded by a green-red scale on the quiz's map according to % correct below.
 
Answer Stats
Tourists City % Correct
8.4 mil Tokyo
97%
14.2 mil Dubai
94%
12.4 mil Istanbul
94%
8.8 mil Seoul
94%
18.7 mil Bangkok
90%
5.9 mil Mumbai
86%
6.9 mil Shanghai
86%
9.0 mil Taipei
83%
26.6 mil Hong Kong
82%
16.8 mil Singapore
82%
12.1 mil Kuala Lumpur
78%
5.7 mil Riyadh
78%
7.1 mil Mecca
71%
7.9 mil Guangzhou
63%
14.3 mil Macau
52%
6.4 mil Manama
50%
11.4 mil Shenzhen
47%
10.8 mil Antalya
44%
8.8 mil Phuket
42%
7.4 mil Pattaya
21%
No matching quizzes found
Score Distribution
Percent of People with Each Score
Percentile by Number Answered
Your Score History
You have not taken this quiz